Top 20 Countries on Twitter - Statistics

General Stats
  • This quiz has been taken 2,913 times
  • The average score is 16 of 20
Answer Stats
Number of accounts Country % Correct
107.7 Million United States
100%
23.8 Million United Kingdom
98%
7.2 Million France
96%
5.3 Million Germany
95%
8.5 Million Canada
94%
33.3 Million Brazil
93%
29.9 Million Japan
93%
11.5 Million Mexico
93%
5 Million Russia
92%
9 Million Spain
92%
12.1 Million India
90%
7.8 Million Argentina
83%
19.5 Million Indonesia
77%
8.1 Million South Korea
77%
5.2 Million Chile
69%
7.8 Million Colombia
69%
8.3 Million Turkey
68%
7.1 Million Netherlands
57%
8.2 Million Venezuela
57%
9 Million Philippines
55%
No matching quizzes found
Score Distribution
Percent of People with Each Score
Percentile by Number Answered
Your Score History
You have not taken this quiz